Escuela y valores: la educación moral

Guardat en:
Dades bibliogràfiques
Autor principal: Bosello, Anselmo P (Autor)
Format: Llibre
Idioma:espanyol
Publicat: Madrid CCS 1993
Col·lecció:Colección Educar, 2
Matèries:
Etiquetes: Afegir etiqueta
Sense etiquetes, Sigues el primer a etiquetar aquest registre!

MARC

LEADER 00000nam a2200000 a 4500
001 UCR5078
003 CL-VaPUC
008 980320e19930000SP |||||||||||||||||spa|d
082 0 4 |a 370.114  |b BOS  |2 21 
100 0 |a Bosello, Anselmo P  |e author  |9 405759 
245 1 0 |a Escuela y valores: la educación moral 
300 |a 152 p 
942 |c BK 
945 |d 19980320 00:00:00  |a rbrito 
260 |a Madrid  |b CCS  |c 1993 
650 0 |a Educación moral  |9 308319 
650 0 |a Valores morales   |9 310604 
650 0 |a Filosofía de la educación   |9 258384 
583 |a last modification  |c 20170911 03:35:24  |k Rodrigo Vera 
490 0 |a Colección Educar, 2 
999 |c 267811  |d 267809 
952 |0 0  |1 0  |4 0  |6 370_114000000000000_BOS_1993  |7 0  |8 A  |9 300524  |a BIBEDU  |b BIBEDU  |d 2019-11-20  |i 3404730  |o 370.114 BOS 1993  |p 3404730  |r 2019-11-20  |w 2019-11-20  |y BK  |k EPE